000 00510nam a22001697a 4500
999 _c1753
_d1753
003 URS
005 20220114141843.0
008 191107s2004 ph |||| |||| 00| 0 eng d
020 _a9717251053
040 _cURS
_beng
_drda
050 1 4 _aP 95
_b.T554 2004
100 _aTiburcio, Pacencia Q.
245 1 0 _aSpeech communication
_cPaciencia Q. Tiburcio, Jenalyn S. Pagay, Gina C. Tagasa, Harold E. Domingo
260 _aMakati:
_bGrandwater Publications,
_c[2004]
300 _aiii 202 pages
_c25 cm
942 _cF
_2lcc